Lord Byron: El Grande enfermo
Gardado en:
| Autor Principal: | |
|---|---|
| Formato: | Libro |
| Idioma: | Undetermined |
| Publicado: |
Barcelona, España
I. G. Seix y Barral Hnos
1946
|
| Materias: | |
| Etiquetas: |
Engadir etiqueta
Sen Etiquetas, Sexa o primeiro en etiquetar este rexistro!
|
MARC
| LEADER | 00000nam a2200000Ia 4500 | ||
|---|---|---|---|
| 008 | 170316s9999 xx 000 0 und d | ||
| 040 | |a cru BVZT | ||
| 090 | |a 820 T-6L | ||
| 100 | |a Torrellas, A. Albert | ||
| 245 | |a Lord Byron: El Grande enfermo | ||
| 260 | |a Barcelona, España | ||
| 260 | |b I. G. Seix y Barral Hnos | ||
| 260 | |c 1946 | ||
| 300 | |a 72 páginas | ||
| 650 | |a LITERATURA INGLESA | ||
| 999 | |c 7240 |d 7240 | ||
| 942 | |c 15 D |h 820 T-6L |2 z | ||
